Bible - Books of the Old Testament by Topic - Statistics

General Stats
  • This quiz has been taken 87 times
  • The average score is 23 of 39
Answer Stats
Hint Answer % Correct
The Israelites go out from Egypt Exodus
99%
A collection of sacred songs and poems, mostly composed by King David Psalms
85%
A righteous man suffers and doesn't understand why Job
82%
God shows mercy to a man swallowed by a giant fish and to Ninevah Jonah
82%
Rules for the Levite priests Leviticus
82%
A collection of wise sayings, mostly composed by King Solomon Proverbs
81%
The beginning of the world and civilization Genesis
79%
The story of one of King David's female ancestors Ruth
79%
The reign of King David 2 Samuel
78%
A Jewish queen saves her people from slaughter Esther
78%
A poetic celebration of erotic love Song of Solomon
78%
The reign of King Saul 1 Samuel
76%
More of the Law of Moses Deuteronomy
76%
The Israelite kings from Solomon to Ahab 1 Kings
75%
The Israelite census Numbers
75%
Israel in Canaan before the monarchy Judges
72%
Poetic laments regarding Jerusalem's destruction Lamentations
72%
The Israelite kings from Jehoram to the Babylonian capitivity 2 Kings
66%
A poem about the meaninglessness of life Ecclesiastes
66%
The Israelites rebuild Jerusalem's wall Nehemiah
63%
The courtly history of Israel from Adam to David 1 Chronicles
60%
The conquest of Canaan Joshua
60%
Jews in Babylon interact with the king and have apocalyptic visions Daniel
58%
A comparison between Israel and an unfaithful wife Hosea
57%
The courtly history of Israel from Solomon to the return from exile 2 Chronicles
51%
The Israelites return from exile and rebuild the temple Ezra
49%
Poetic prophecies concerning Jerusalem's destruction and liberation, with affirmations of monotheism Isaiah
49%
A distressed proclamation of Jerusalem's imminent and inevitable fall Jeremiah
42%
Visions concerning Judah's destruction, exile, and eventually restoration Ezekiel
36%
A proclamation of the coming "Day of the Lord" Zephaniah
36%
A man complains to God about his handling of injustice Habakkuk
34%
Prophecies that Israel's enemy, Assyria, will be destroyed Nahum
34%
Prophecies that Israel's enemy, Edom, will be destroyed Obadiah
34%
Post-exilic Israel is exhorted to repent Malachi
33%
Visions and prophecies of divine retribution for the social injustices committed by Israel Amos
31%
Exhortation to rebuild the temple Haggai
31%
An affirmation that God will bless the Israelites, if and only if, they repent Joel
30%
Prophecies of both Israel's fall and its eventual theocratic kingdom Micah
27%
Symbolic visions and exhortation to rebuild Jerusalem Zechariah
25%
No matching quizzes found
Score Distribution
Percent of People with Each Score
Percentile by Number Answered
Your Score History
You have not taken this quiz